Statystyki dla WYMIEŃ ŚRODKI TRANSPORTU PUBLICZNEGO:

Kliknij tutaj aby rozwiązać quiz!

Ogólne statystyki

  • Ten quiz został rozwiązany 102 razy
  • Średni wynik to 4 z 5

Statystyki odpowiedzi

Odpowiedź% Poprawnych
AUTOBUS
98%
TRAMWAJ
94%
METRO
66%
TROLEJBUS
56%
KOLEJ
37%

Rozkład punktacji

Percentyl według liczby udzielonych odpowiedzi

Procent ludzi z każdym wynikiem

Twoja historia wyników

Nie rozwiązałeś tego quizu